[Event "Quebec Montcalm op 1 2016-17"]
[Site "Quebec"]
[Date "2016.09.15"]
[Round "2"]
[White "Cummins, Paul"]
[Black "Myre, Eric"]
[Result "1-0"]
[WhiteElo "1732"]
[BlackElo "1962"]
[PlyCount "61"]
[EventDate "2016.09.08"]
[EventType "swiss"]
[EventRounds "5"]
[EventCountry "CAN"]
[SourceTitle "EXT 2022"]
[Source "ChessBase"]
[SourceDate "2021.10.06"]
[SourceVersion "1"]
[SourceVersionDate "2021.10.06"]
[SourceQuality "1"]

1. Nf3 c5 2. b3 Nf6 3. Bb2 e6 4. e3 Be7 5. Be2 Nc6 6. 0-0 0-0 7. d4 b6 8. Nbd2 d5 9. c4 Bb7 10. cxd5 exd5 11. dxc5 bxc5 12. Rc1 Bd6 13. a3 Rc8 14. Qc2 Qe7 15. Qf5 Qe6 16. Bd3 Ne7 17. Qxe6 fxe6 18. Rfe1 Nc6 19. e4 Nd7 20. exd5 exd5 21. Rcd1 Bf4 22. Nf1 Rce8 23. Bb5 Nb6 24. a4 a6 25. Bxc6 Bxc6 26. a5 Nd7 27. Ba3 Bd6 28. Ne3 Nf6 29. Nf5 Rxe1+ 30. Rxe1 Bc7 31. Ne7+ 1-0

[Event "Quebec Montcalm op 4th"]
[Site "Quebec"]
[Date "2008.01.24"]
[Round "3"]
[White "Caire, Francois"]
[Black "Myre, Eric"]
[Result "1-0"]
[WhiteElo "2211"]
[BlackElo "1938"]
[PlyCount "59"]
[EventDate "2008.01.10"]
[EventType "swiss"]
[EventRounds "5"]
[EventCountry "CAN"]
[SourceTitle "EXT 2011"]
[Source "ChessBase"]
[SourceDate "2010.11.26"]
[SourceVersion "1"]
[SourceVersionDate "2010.11.26"]
[SourceQuality "1"]

1. f4 c5 2. Nf3 Nc6 3. e4 g6 4. Bb5 Bg7 5. Bxc6 bxc6 6. d3 h5 7. 0-0 Qb6 8. Nc3 c4+ 9. d4 d6 10. Kh1 Bg4 11. d5 Nh6 12. Qe1 Bxf3 13. gxf3 Qb7 14. dxc6 Qxc6 15. Nd5 e6 16. Bd2 f6 17. Rg1 Qb7 18. Ne3 Rc8 19. Rxg6 Kf7 20. Qg3 Rhg8 21. Rg1 Bh8 22. f5 exf5 23. Nxc4 Rxc4 24. Rxg8 Ng4 25. Rxh8 Kg7 26. Rxh5 Rxe4 27. fxe4 Kf8 28. Qxd6+ Kg7 29. Rxg4+ fxg4 30. Qf4 1-0

[Event "Quebec Montcalm 3 2007-08"]
[Site "Quebec"]
[Date "2007.11.30"]
[Round "3"]
[White "Auger, Bertrand"]
[Black "Myre, Eric"]
[Result "1-0"]
[WhiteElo "2018"]
[BlackElo "1922"]
[PlyCount "65"]
[EventDate "2007.11.15"]
[EventType "swiss"]
[EventRounds "5"]
[EventCountry "CAN"]
[SourceTitle "EXT 2022"]
[Source "ChessBase"]
[SourceDate "2021.10.06"]
[SourceVersion "1"]
[SourceVersionDate "2021.10.06"]
[SourceQuality "1"]

1. Nf3 c5 2. g3 Nc6 3. Bg2 g6 4. 0-0 Bg7 5. c4 e5 6. Nc3 Nge7 7. a3 0-0 8. Rb1 a5 9. d3 Rb8 10. Nd2 d6 11. b3 f5 12. Bb2 Be6 13. Nd5 b5 14. e3 b4 15. a4 Qd7 16. f4 h6 17. Qc2 g5 18. Rfe1 Ng6 19. Kh1 Kh8 20. fxg5 hxg5 21. Nf3 Bh6 22. Ng1 Qh7 23. Nh3 f4 24. exf4 gxf4 25. Nhxf4 Nxf4 26. Nxf4 Nd4 27. Bxd4 Bxf4 28. gxf4 Rxf4 29. Bxe5+ dxe5 30. Rxe5 Bf5 31. Rxc5 Bxd3 32. Qb2+ Kg8 33. Rg5+ 1-0

[Event "Quebec Montcalm 2 2007-08"]
[Site "Quebec"]
[Date "2007.10.18"]
[Round "2"]
[White "Cummins, Paul"]
[Black "Myre, Eric"]
[Result "1/2-1/2"]
[WhiteElo "1736"]
[BlackElo "1927"]
[PlyCount "89"]
[EventDate "2007.10.11"]
[EventType "swiss"]
[EventRounds "5"]
[EventCountry "CAN"]
[SourceTitle "EXT 2022"]
[Source "ChessBase"]
[SourceDate "2021.10.06"]
[SourceVersion "1"]
[SourceVersionDate "2021.10.06"]
[SourceQuality "1"]

1. e4 c5 2. Nf3 Nc6 3. d4 cxd4 4. Nxd4 g6 5. Nc3 Bg7 6. Be3 Nf6 7. f3 0-0 8. Bc4 Qb6 9. 0-0 Qxb2 10. Nce2 Qb4 11. Bb3 b6 12. Rb1 Qa5 13. Re1 Ba6 14. Nxc6 dxc6 15. c4 Rfd8 16. Qc1 Rd7 17. c5 Bd3 18. Bc2 Bb5 19. Bb3 Rad8 20. cxb6 axb6 21. Kh1 c5 22. Nc3 Bd3 23. Ra1 Ne8 24. Bd2 Ba6 25. Nd5 Qb5 26. Rb1 e6 27. a4 Qd3 28. Bc2 Qd4 29. Be3 Qe5 30. Nxb6 Rb7 31. a5 Qc3 32. Na4 Rxb1 33. Qxb1 Qxa5 34. Bxc5 Rb8 35. Bb6 Qg5 36. Qd1 Bb5 37. Be3 Qe7 38. Nc5 Bc3 39. Rg1 Ra8 40. Qb1 Nd6 41. Qb3 Bf6 42. f4 Nc4 43. e5 Nxe3 44. Qxe3 Bg7 45. Be4 1/2-1/2

[Event "Quebec Montcalm 1 2007-08"]
[Site "Quebec"]
[Date "2007.09.20"]
[Round "3"]
[White "Myre, Eric"]
[Black "Moisan, Francois"]
[Result "1-0"]
[WhiteElo "1922"]
[BlackElo "1790"]
[PlyCount "67"]
[EventDate "2007.09.06"]
[EventType "swiss"]
[EventRounds "5"]
[EventCountry "CAN"]
[SourceTitle "EXT 2022"]
[Source "ChessBase"]
[SourceDate "2021.10.06"]
[SourceVersion "1"]
[SourceVersionDate "2021.10.06"]
[SourceQuality "1"]

1. d4 Nf6 2. c4 g6 3. Nc3 Bg7 4. e4 d6 5. f3 0-0 6. Be3 Na6 7. Bd3 c5 8. d5 Nc7 9. Nge2 a6 10. Rb1 b5 11. b4 cxb4 12. Rxb4 a5 13. Rb1 bxc4 14. Bxc4 Ba6 15. Qd3 Nd7 16. Bxa6 Nxa6 17. 0-0 Nac5 18. Qd1 Ne5 19. Na4 Ncd7 20. Nd4 Rc8 21. f4 Nc4 22. Bf2 Nf6 23. Nc6 Qd7 24. Rc1 Rxc6 25. dxc6 Qxc6 26. Nb6 Nxe4 27. Rxc4 Qb7 28. Qd5 Qxd5 29. Nxd5 Nd2 30. Nxe7+ Kh8 31. Rc8 Rxc8 32. Nxc8 Nxf1 33. Kxf1 d5 34. Ke2 1-0

[Event "St Jean op-B"]
[Site "St Jean sur Richelieu"]
[Date "2005.06.26"]
[Round "4"]
[White "Myre, Eric"]
[Black "Gago, Nelson"]
[Result "1-0"]
[WhiteElo "1833"]
[BlackElo "1849"]
[PlyCount "113"]
[EventDate "2005.06.??"]
[EventType "swiss"]
[EventRounds "5"]
[EventCountry "CAN"]
[SourceTitle "EXT 2007"]
[Source "ChessBase"]
[SourceDate "2006.11.23"]
[SourceVersion "1"]
[SourceVersionDate "2006.11.23"]
[SourceQuality "1"]

1. d4 d5 2. c4 c6 3. Nc3 Nf6 4. Nf3 a6 5. c5 g6 6. Bf4 Bg7 7. g3 Nbd7 8. Bg2 0-0 9. 0-0 Nh5 10. Qd2 Nxf4 11. gxf4 Nf6 12. b4 Qc7 13. a4 Nh5 14. e3 f6 15. b5 axb5 16. axb5 Rxa1 17. Rxa1 e5 18. fxe5 fxe5 19. dxe5 Bf5 20. Nd4 Bxe5 21. f4 Bg7 22. bxc6 bxc6 23. Nxc6 Bxc3 24. Bxd5+ Kh8 25. Qxc3+ Qg7 26. Qxg7+ Kxg7 27. Ne5 Nf6 28. Ra7+ Kh6 29. Rf7 Rxf7 30. Bxf7 Bc2 31. Bc4 Bd1 32. Nf7+ Kg7 33. Nd6 Bf3 34. Bb5 Kf8 35. c6 Nd5 36. Kf2 Bg4 37. Bc4 Nb6 38. e4 Ke7 39. e5 Nxc4 40. Nxc4 Kd8 41. Nd6 Be6 42. Ke3 Kc7 43. Nb5+ Kxc6 44. Nd4+ Kd5 45. Nxe6 Kxe6 46. Ke4 h6 47. h4 h5 48. Kd4 Kf5 49. Kd5 Kxf4 50. e6 Kg4 51. e7 Kxh4 52. e8Q g5 53. Qe1+ Kg4 54. Qg1+ Kf4 55. Qh2+ Kg4 56. Ke4 h4 57. Qg2+ 1-0

[Event "St Jean op-B"]
[Site "St Jean sur Richelieu"]
[Date "2005.06.26"]
[Round "5"]
[White "Pregent, Daniel"]
[Black "Myre, Eric"]
[Result "0-1"]
[WhiteElo "1747"]
[BlackElo "1833"]
[PlyCount "54"]
[EventDate "2005.06.??"]
[EventType "swiss"]
[EventRounds "5"]
[EventCountry "CAN"]
[SourceTitle "EXT 2007"]
[Source "ChessBase"]
[SourceDate "2006.11.23"]
[SourceVersion "1"]
[SourceVersionDate "2006.11.23"]
[SourceQuality "1"]

1. d4 Nf6 2. c4 c5 3. d5 b5 4. b3 bxc4 5. bxc4 g6 6. Nc3 Bg7 7. Rb1 d6 8. e4 0-0 9. Bd3 Ng4 10. Nge2 Ne5 11. 0-0 Nbd7 12. f4 Nxd3 13. Qxd3 Nb6 14. Nd1 Ba6 15. Ne3 Rb8 16. Bd2 Qd7 17. Bc3 Nxc4 18. Bxg7 Nxe3 19. Qxa6 Nxf1 20. Rxf1 Kxg7 21. Nc3 Qb7 22. Qd3 Qb4 23. Qh3 Qd4+ 24. Kh1 Rb2 25. Qf3 Rd2 26. Ne2 Qd3 27. Ng3 Qxf3 0-1

[Event "Quebec Montcalm op 9th"]
[Site "Quebec"]
[Date "2001.10.11"]
[Round "5"]
[White "Myre, Eric"]
[Black "Dion, Jean Francois"]
[Result "1-0"]
[WhiteElo "1868"]
[BlackElo "1713"]
[PlyCount "145"]
[EventDate "2001.09.13"]
[EventType "swiss"]
[EventRounds "5"]
[EventCountry "CAN"]
[SourceTitle "EXT 2009"]
[Source "ChessBase"]
[SourceDate "2008.11.26"]
[SourceVersion "1"]
[SourceVersionDate "2008.11.26"]
[SourceQuality "1"]

1. d4 Nf6 2. c4 g6 3. Nc3 Bg7 4. e4 d6 5. Nge2 0-0 6. Ng3 e5 7. d5 Nbd7 8. Be2 a5 9. h4 h6 10. h5 g5 11. Be3 Nc5 12. 0-0 Nh7 13. Bxc5 dxc5 14. Bg4 Nf6 15. Bxc8 Rxc8 16. Nf5 Ne8 17. Nb5 Nd6 18. Nbxd6 cxd6 19. g4 Ra8 20. Qa4 Qc7 21. Rfc1 Rfb8 22. Rc3 b5 23. cxb5 Bf8 24. f3 Rb6 25. Ne3 Rab8 26. Qxa5 Qb7 27. Qa4 Rxb5 28. b3 Ra8 29. Qc4 Rb4 30. Qf1 Kh7 31. Rc4 Rb5 32. Qc1 Rba5 33. Qc2 Qa7 34. a4 Rb8 35. Nf1 Be7 36. Kg2 Rb4 37. Nd2 Bd8 38. Rxb4 cxb4 39. Nc4 Rc5 40. Qd2 Ba5 41. Qf2 Qc7 42. Ra2 Bb6 43. Qd2 Ba5 44. Rc2 Kg7 45. Kf1 Kh7 46. Ke2 Kg7 47. Kd1 Kh7 48. Qe3 Kg7 49. Qc1 Qa7 50. Nxd6 Rc3 51. Rxc3 bxc3 52. Nc4 Bb4 53. Kc2 Qf2+ 54. Kb1 Qxf3 55. Qc2 Qxg4 56. Nxe5 Qxh5 57. Nc6 Bf8 58. Qxc3+ f6 59. Nd4 Qh1+ 60. Ka2 Qh2+ 61. Kb1 Bd6 62. Nf5+ Kg6 63. Nxd6 Qxd6 64. Kb2 h5 65. Qd3 Qe5+ 66. Ka3 h4 67. a5 g4 68. a6 h3 69. d6 h2 70. d7 h1Q 71. d8Q Qha1+ 72. Kb4 Qaa5+ 73. Qxa5 1-0